00239nam a2200097Ia 4500008004100000100001800041245003600059260003000095300000800125650000800133191201s2012 xx 000 0 und d aKUMAR, Sudhir 0aForeign Policy of India M A (F) aN. DelhibVikas Pubc2012 a286 aMBA